دور إدارة الموارد البشرية في صناعة المعلومات في ظل اقتصاد المعرفة : دراسة حالة الجامعة الإسلامية - غزة /
Saved in:
| Main Author: | |
|---|---|
| Other Authors: | |
| Format: | Thesis |
| Language: | Arabic |
| Published: |
Ghazzah :
al-Jami'ah al-Islamiyah,
2012
|
| Subjects: | |
| Tags: |
Add Tag
No Tags, Be the first to tag this record!
|
| LEADER | 014140000a22002650004500 | ||
|---|---|---|---|
| 008 | 141125s2012 gz a g 000 0 ara d | ||
| 040 | |a UIAM |b eng | ||
| 041 | |a ara | ||
| 043 | |a awgz--- | ||
| 050 | 0 | |a HF5549.2.P19 | |
| 100 | 1 | |a نجار، نداء محمد | |
| 242 | 1 | 0 | |a Dawr idarat al-mawarid al-bashariyah fi sina'at al-ma'lumat fi zill iqtisad al-ma'rifah |
| 245 | 1 | 0 | |a دور إدارة الموارد البشرية في صناعة المعلومات في ظل اقتصاد المعرفة : |b دراسة حالة الجامعة الإسلامية - غزة / |c إعداد الطالبة، نداء محمد النجار |
| 260 | |a Ghazzah : |b al-Jami'ah al-Islamiyah, |c 2012 | ||
| 300 | |a 188 leaves ; |b ill. ; |c 30 cm. | ||
| 500 | |a "قدمت هذه الرسالة إستكمالا لمتطلبات الحصول عى درجة الماجستير في إداة الأعمل" --On t.p. | ||
| 502 | |a Thesis (M.A.)--Jami'at al-Islamiyah Ghazzah, 2012. | ||
| 504 | |a Includes bibliographical references (leaves 168-178). | ||
| 596 | |a 1 | ||
| 610 | 2 | 0 | |a Jami'ah al-Lubnaniyah. |x Kulliyat al-Tarbiyah Curricula |
| 655 | |a Theses, Facsimile edition (Islamic) | ||
| 700 | 1 | 0 | |a Najjar, Nida' Muhammad |
| 900 | |a arf-nbm-sar | ||
| 999 | |c 437841 |d 469524 | ||
| 952 | |0 0 |6 TI HF 005549.2 P19 N162D 2012 |7 0 |8 THESES |9 759235 |a IIUM |b IIUM |c MULTIMEDIA |g 0.00 |o ti HF 5549.2 P19 N162D 2012 |p 00011285453 |r 2017-10-23 |t 1 |v 0.00 |y THESIS | ||
